Répertoire général du théatre français. (Registro nro. 169853)

Detalles MARC
000 -LEADER
campo de control de longitud fija 00886nam a22002055i 4500
001 - NÚMERO DE CONTROL
campo de control 169853
003 - IDENTIFICADOR DE NÚMERO DE CONTROL
campo de control ES-MaACL
005 - FECHA Y HORA DE LA ÚLTIMA TRANSACCIÓN
campo de control 20250716063333.0
008 - DATOS DE LONGITUD FIJA--INFORMACIÓN GENERAL
campo de control de longitud fija 081209s1821 fr |||| | fre d
080 ## - NÚMERO DE LA CLASIFICACIÓN DECIMAL UNIVERSAL
Número de la Clasificación Decimal Universal 821.133.1-2"17"
100 0# - ENTRADA PRINCIPAL--NOMBRE DE PERSONA
Nombre de persona Voltaire,
Fechas asociadas al nombre 1694-1778
9 (RLIN) 115721
245 10 - MENCIÓN DEL TÍTULO
Título Répertoire général du théatre français.
Nombre de parte o sección de la obra Théatre du premier ordre.
Número de parte o sección de la obra III-IV /
Mención de responsabilidad, etc. Voltaire.
260 ## - PUBLICACIÓN, DISTRIBUCIÓN, ETC.
Lugar de publicación, distribución, etc. Paris :
Nombre del editor, distribuidor, etc. Théodore Dabo,
Fecha de publicación, distribución, etc. 1821.
300 ## - DESCRIPCIÓN FÍSICA
Extensión 2 t. en 1 v. ;
Dimensiones 13 cm.
490 1# - MENCIÓN DE SERIE
Mención de serie Répertoire général du théatre français ;
Designación de volumen o secuencia 16-17
505 8# - NOTA DE CONTENIDO CON FORMATO
Nota de contenido con formato Contiene: T.III ;
Título Mérope. La mort de César. Semiramis. Nanine, ou le préjugé vaincu - T.IV ;
-- Oreste. L'Orphelin de la Chine. Tancréde
830 0# - PUNTO DE ACCESO ADICIONAL DE SERIE-TÍTULO UNIFORME
Título uniforme Répertoire général du théatre français ;
Designación de volumen o secuencia 16-17
9 (RLIN) 188906
852 ## - LOCALIZACIÓN
Ubicación ES-MaACL
Número de control de estantería E-12320
Nota libre . - Biblioteca Jacinto Martínez Lacalle
Existencias
Estatus retirado Estado de pérdida Estado de daño No para préstamo Colección Biblioteca de origen Biblioteca actual Ubicación en estantería Fecha de adquisición Fuente de adquisición Total de préstamos Signatura topográfica completa Código de barras Visto por última vez Precio de reemplazo Tipo de ítem Koha
        Libros del s. XIX Biblioteca del Ateneo de Madrid Biblioteca del Ateneo de Madrid Depósito 2 09/12/2008     E-12320 1178326 23/02/2023 23/02/2023 Libro impreso antiguo